|
|
|
|
| LEADER |
01565nam a2200277 a 4500 |
| 001 |
GR-MES17307 |
| 008 |
150701s2015 gr gz 000 0 gre d |
| 040 |
|
|
|a GrPaTEI
|b gre
|c GR-PaULI
|
| 040 |
|
|
|a GrPaTEI
|b gre
|c GR-PaULI
|
| 100 |
1 |
|
|a Γλαβάς, Γεώργιος
|
| 245 |
1 |
0 |
|a Προσδιορισμός της υδραυλικής αγωγιμότητας κορεσμού εφάφους, με τη μέθοδο διαπερατόμετρου σταθερού φορτίου στο εργαστήριο /
|c Σπουδαστής: Γεώργιος Γλαβάς ; Εισηγητής: Νικόλαος Μαλάμος.
|
| 260 |
|
|
|a Μεσολόγγι :
|b ΤΕΙ Δυτικής Ελλάδας,
|c 2015
|
| 300 |
|
|
|a 76 σ. :
|b έγχρ.είκ., πίν., σχημ.
|
| 504 |
|
|
|a Βιβλιογραφία: (σ.76)
|
| 650 |
|
4 |
|a Γεωμορφολογία
|
| 650 |
|
4 |
|a Πτυχιακή εργασία
|y 2015
|
| 650 |
|
4 |
|a ΥΓΡΟΤΟΠΟΙ
|
| 650 |
|
4 |
|a Υδραυλική μηχανική
|
| 700 |
1 |
|
|a Μαλάμος, Νικόλαος
|
| 710 |
0 |
|
|a Σ.ΤΕ.Γ.& ΤΕ.ΤΡΟ.Δ..
|b Τμήμα Μηχανολογίας και Υδάτινων Πόρων
|
| 710 |
0 |
|
|a ΤΕΙ Δυτικής Ελλάδας
|
| 856 |
4 |
0 |
|u https://nereus.library.upatras.gr/formermes//ptyxiakes/steg/steg_myp/2011-2015/661pe.pdf
|
| 942 |
|
|
|2 ddc
|
| 952 |
|
|
|0 0
|1 0
|2 ddc
|4 0
|7 0
|9 275393
|a MSLG
|b MSLG
|c BSC
|d 2021-01-17
|e 24
|f 0
|g 0.00
|l 0
|p 24200661
|r 2021-01-17 00:00:00
|t 1
|v 2021.00
|w 2021-01-17
|y BK15
|x 20150702 0 ΧΑΣΑΝΗ 0
|x GrPaTEI
|
| 971 |
|
|
|a .b2583356x
|b 16-04-20
|c 13-09-16
|
| 999 |
|
|
|c 159577
|d 159577
|